000 01025cam a2200229 4500
001 ##L132404
008 060203n2006 000 0 eng u
020 _a0471661732
_a9780471661733
035 _a(Sirsi) u132404
041 0 _aeng
050 0 4 _a658.404 $2 18
100 1 _aHalpin, Daniel W.
245 0 0 _aConstruction management
250 _a3rd ed.
260 _aNew Jersey
_bJohn Wiley
_c2006
300 _avi, 402p.
_c2006
350 _a79.50
520 _aThis American text provides an introduction to the complex business of developing and constructing a major facility or structure. Presents a detailed look at the construction industry and the skills required to be a successful construction manager. The 3rd edition includes new information on value engineering, earned value, product delivery systems and the difference between purchasing construction and purchasing manufactured speculative products. Bibliography.
590 _aIKA250406
690 _aConstruction management
_96230
942 _n0
999 _c105127
_d105127